| 000 | 00725nac a22002051u 4500 | ||
|---|---|---|---|
| 010 | _a29026574 | ||
| 035 | _a(OCoLC)512464 | ||
| 082 |
_a759 _bS9881 |
||
| 090 |
_c1802 _d1802 |
||
| 100 | _aSymonds, John Addingto | ||
| 245 | 0 | 4 |
_aThe life of Michelangelo Buonarroti, _cby John Addington Symonds. |
| 260 |
_aNew York, _bThe Modern library _c[1928?] |
||
| 300 |
_aviii p., 1 l., 544 p. _c17 cm. |
||
| 490 | 0 | _aThe Modern library of the world's best books | |
| 500 | _aDonations | ||
| 500 | _aDonations - Dr. Mostafa Gouda | ||
| 600 | 0 | 0 |
_aMichelangelo Buonarroti, _d1475-1564. |
| 942 |
_cBB _k759S9881 |
||
| 999 |
_c1802 _d1802 |
||